000 01589nam0a2200361 4500
001 RU\NLR\BIBL_A\021994482
005 20230829171352.0
010 _a978-5-6049504-0-1
_9300
021 _aRU
_bКН-П-23-041791
_9КН-П-23-4177
035 _a(NLR Aleph) 021994482
035 _a(RuMoRGB)011888706
090 _a12436716
_c12436716
100 _a20230802d2023 u y0rusy50 ca
101 0 _arus
102 _aRU
105 _ac|||j|||000zd
181 0 _ai
_baxxe
182 0 _an
200 1 _aИстория России (IX-начало XX вв.)
_eучебник
_eдля студентов высших учебных заведений
_fМ. Ф. Титоренко, И. Б. Куракеев, Н. Б. Гришокина
203 _aТекст
_bвизуальный
_cнепосредственный
210 _aКраснодар
_cТипография "Bestprint"
_d2023
215 _a308 с.
_cцв. портр.
_d22
320 _aБиблиогр.: с. 304-306 (29 назв.)
607 _aРоссия
_xИстория
_z9 - нач. 20 вв.
_jУчебники для высших учебных заведений
_2nlr_sh2
_3RU\NLR\AUTH\661443528
675 _a94(47+57)"08/19"(075.8)
_v4
686 1 _aТ3(2)я73
700 1 _aТиторенко
_bМ. Ф.
_gМарина Федоровна
701 1 _aКуракеев
_bИ. Б.
_gИгорь Борисович
701 1 _aГришокина
_bН. Б.
_gНаталья Борисовна
942 _cBOOK
980 _aNB